[Event "ch-ISR 2013"]
[Site "Acre ISR"]
[Date "2013.04.13"]
[Round "8.2"]
[White "Avrukh, Boris"]
[Black "Rodshtein, Maxim"]
[Result "1/2-1/2"]
[WhiteTitle "GM"]
[BlackTitle "GM"]
[WhiteElo "2572"]
[BlackElo "2639"]
[WhiteFideId "2803895"]
[BlackFideId "2806851"]
[EventDate "2013.04.06"]

1. d4 Nf6 2. c4 e6 3. Nf3 Bb4+ 4. Bd2 a5 5. g3 b6 6. Bg2 Bb7 7. O-O O-O 8. Bg5
Be7 9. Nc3 Ne4 10. Bxe7 Qxe7 11. Qd3 Nxc3 12. bxc3 f5 13. Ne1 Bxg2 14. Nxg2 Nc6
15. f4 Qa3 16. Ne3 Ne7 17. Qc2 Qd6 18. Rab1 Kh8 19. Rb5 Ng8 20. c5 bxc5 21. Rxc5
Nf6 22. Nc4 Qa6 23. Qd3 Ne4 24. Rxa5 Qc6 25. Ne5 Qxc3 26. Rxa8 Rxa8 27. Nxd7
Rxa2 28. Qxc3 Nxc3 29. e3 Kg8 30. Ne5 h6 31. g4 Nd5 32. Re1 g6 33. Nxg6 fxg4 34.
Nh4 Kf7 35. f5 h5 36. fxe6+ Kxe6 37. Ng2 Kf6 38. e4 Ne7 39. Rc1 c6 40. Rc5 Rd2
41. Nf4 h4 42. Nh5+ Ke6 43. Rg5 Rd1+ 44. Kf2 Rxd4 45. Ke3 Ra4 46. Rxg4 Ra3+ 1/2-1/2

[Event "ch-ISR 2013"]
[Site "Acre ISR"]
[Date "2013.04.13"]
[Round "8.4"]
[White "Soffer, Ram"]
[Black "Mikhalevski, Victor"]
[Result "0-1"]
[WhiteTitle "GM"]
[BlackTitle "GM"]
[WhiteElo "2516"]
[BlackElo "2530"]
[WhiteFideId "2800101"]
[BlackFideId "2801914"]
[EventDate "2013.04.06"]

1. e4 e5 2. Nf3 Nc6 3. Bb5 a6 4. Ba4 Nf6 5. d3 b5 6. Bb3 Bc5 7. O-O d6 8. c3 O-O
9. Re1 Ne7 10. Nbd2 Ng6 11. Nf1 Bb6 12. a4 Rb8 13. axb5 axb5 14. Ng3 h6 15. h3
Re8 16. d4 c5 17. Bc2 Qc7 18. Bd3 Bd7 19. d5 c4 20. Bf1 Ra8 21. Be3 Bxe3 22.
Rxe3 Ra7 23. Nd2 Rea8 24. Rxa7 Rxa7 25. b3 cxb3 26. Qxb3 Ra1 27. Qb2 Qa7 28. Qb4
Ra4 29. Qb1 Ra2 30. Nb3 Nf4 31. Nc1 Rd2 32. Nb3 Ra2 33. Nc1 Ra4 34. Nge2 g5 35.
Ng3 h5 36. Re1 h4 37. Nh1 Qc5 38. Re3 Nxe4 39. Rxe4 Bf5 40. Bd3 Bxe4 41. Bxe4
Qxc3 42. Nb3 Ne2+ 43. Kh2 Rxe4 44. Qxe4 Qe1 0-1

[Event "ch-ISR 2013"]
[Site "Acre ISR"]
[Date "2013.04.13"]
[Round "8.5"]
[White "Roiz, Michael"]
[Black "Gofshtein, Leonid"]
[Result "1-0"]
[WhiteTitle "GM"]
[BlackTitle "GM"]
[WhiteElo "2623"]
[BlackElo "2457"]
[WhiteFideId "2804158"]
[BlackFideId "2801574"]
[EventDate "2013.04.06"]

1. d4 Nf6 2. c4 c5 3. d5 e6 4. Nc3 exd5 5. cxd5 d6 6. Nf3 g6 7. Bf4 a6 8. a4 Bg7
9. h3 O-O 10. e3 Nh5 11. Bh2 f5 12. Be2 f4 13. O-O Nd7 14. Nd2 fxe3 15. fxe3
Rxf1+ 16. Nxf1 Qb6 17. Ne4 Ne5 18. Bxh5 gxh5 19. Qxh5 Nf7 20. Nfg3 Qd8 21. Rf1
Qe7 22. Nf5 Bxf5 23. Qxf5 Bxb2 24. Qe6 Re8 25. Rxf7 Qxf7 26. Qxf7+ Kxf7 27.
Nxd6+ Kf8 28. Nxe8 Kxe8 29. Kf1 Kd7 30. Ke2 b5 31. axb5 axb5 32. e4 c4 33. e5
Bd4 34. e6+ Ke7 35. Bf4 b4 36. Be3 Kd6 37. Bf4+ Ke7 38. Be3 Bc3 39. Bd2 1-0

[Event "ch-ISR 2013"]
[Site "Acre ISR"]
[Date "2013.04.13"]
[Round "8.6"]
[White "Baron, Tal"]
[Black "Golod, Vitali"]
[Result "0-1"]
[WhiteTitle "GM"]
[BlackTitle "GM"]
[WhiteElo "2473"]
[BlackElo "2573"]
[WhiteFideId "2809958"]
[BlackFideId "2804140"]
[EventDate "2013.04.06"]

1. e4 e5 2. Nf3 Nc6 3. Bb5 a6 4. Ba4 Nf6 5. O-O Nxe4 6. d4 b5 7. Bb3 d5 8. dxe5
Be6 9. Nbd2 Nc5 10. c3 Be7 11. Bc2 d4 12. Ne4 d3 13. Nxc5 dxc2 14. Qxd8+ Rxd8
15. Nxe6 fxe6 16. Be3 Rd5 17. Rac1 Nxe5 18. Nxe5 Rxe5 19. Rxc2 O-O 20. c4 Bc5
21. cxb5 Bxe3 22. fxe3 axb5 23. Rxf8+ Kxf8 24. Rxc7 Rxe3 25. Kf2 Re4 26. Rb7 Re5
27. Kf3 h5 28. Ra7 Kg8 29. h3 Kh7 30. Ra5 Kg6 31. b3 Rf5+ 32. Ke3 Rg5 33. Kf3
Rf5+ 34. Ke2 Re5+ 35. Kd3 Rg5 36. g4 hxg4 37. hxg4 b4 38. Rxg5+ Kxg5 39. Kc4 e5
40. Kxb4 e4 41. Kc3 Kxg4 42. Kd2 Kf3 43. Ke1 g5 44. a4 g4 45. a5 g3 46. Kf1 e3
47. a6 g2+ 48. Kg1 e2 0-1

[Event "ch-ISR 2013"]
[Site "Acre ISR"]
[Date "2013.04.13"]
[Round "8.7"]
[White "Kantsler, Boris"]
[Black "Givon, Asaf"]
[Result "1/2-1/2"]
[WhiteTitle "GM"]
[BlackTitle "FM"]
[WhiteElo "2427"]
[BlackElo "2407"]
[WhiteFideId "2805359"]
[BlackFideId "2801841"]
[EventDate "2013.04.06"]

1. Nf3 Nf6 2. c4 g6 3. Nc3 d5 4. cxd5 Nxd5 5. Qa4+ Bd7 6. Qh4 Bc6 7. Ne5 Bg7 8.
Nxc6 Nxc6 9. Qe4 e6 10. Nxd5 Qxd5 11. Qxd5 exd5 12. g3 O-O 13. Bg2 Nd4 14. Kd1
Rfd8 15. Rb1 c5 16. b3 Rac8 17. Bb2 b5 18. e3 Ne6 19. Bxg7 1/2-1/2

[Event "ch-ISR 2013"]
[Site "Acre ISR"]
[Date "2013.04.13"]
[Round "8.8"]
[White "Zoler, Dan"]
[Black "Popilski, Gil"]
[Result "1-0"]
[WhiteTitle "GM"]
[BlackTitle "GM"]
[WhiteElo "2553"]
[BlackElo "2523"]
[WhiteFideId "2800705"]
[BlackFideId "2809060"]
[EventDate "2013.04.06"]

1. d4 Nf6 2. Nf3 g6 3. Bg5 Bg7 4. Nbd2 O-O 5. c3 d6 6. a4 Nc6 7. e4 e5 8. dxe5
Nxe5 9. Nxe5 dxe5 10. Bc4 Qd6 11. h3 Be6 12. Qe2 Nd7 13. O-O Bf6 14. Be3 Rfd8
15. Bxe6 Qxe6 16. Qc4 Qd6 17. Rfd1 c6 18. Nf3 Qc7 19. Qb3 Nf8 20. Rxd8 Bxd8 21.
a5 Ne6 22. Qc4 Bf6 23. b4 c5 24. a6 cxb4 25. Qxc7 Nxc7 26. axb7 Rb8 27. cxb4 a6
28. Rd1 Ne6 29. Rd7 Nd8 30. Nxe5 Bxe5 31. Ba7 Rxb7 32. Rxd8+ Kg7 33. Bc5 a5 34.
f4 Bxf4 35. Bd4+ Kh6 36. bxa5 Bc7 37. Rd5 Rb4 38. Be3+ Kg7 39. a6 Ra4 40. a7 Ra6
41. Bd4+ Kf8 42. Bc5+ Kg7 43. Kf2 Kf6 44. Rd7 Be5 45. Kf3 1-0

[Event "ch-ISR 2013"]
[Site "Acre ISR"]
[Date "2013.04.13"]
[Round "8.10"]
[White "Axelrod, Arie"]
[Black "Nakar, Eylon"]
[Result "1-0"]
[WhiteTitle "FM"]
[BlackTitle "IM"]
[WhiteElo "2328"]
[BlackElo "2389"]
[WhiteFideId "2804867"]
[BlackFideId "2811111"]
[EventDate "2013.04.06"]

1. d4 Nf6 2. c4 e6 3. Nc3 Bb4 4. Bg5 c5 5. d5 d6 6. e3 exd5 7. cxd5 Nbd7 8. Ne2
O-O 9. a3 Ba5 10. Rb1 h6 11. Bh4 Ne5 12. b4 Bb6 13. Nc1 Bf5 14. Rb3 Rc8 15. Be2
cxb4 16. axb4 a5 17. N1a2 axb4 18. Nxb4 Ba5 19. Qd4 g5 20. Bg3 Nfd7 21. O-O Nc5
22. Ra3 Bb6 23. Qd2 Ba5 24. Qb2 Re8 25. Rfa1 Bb6 26. Nb5 Ne4 27. Nd4 Bg6 28. Rb3
Nxg3 29. hxg3 Bc5 30. Nbc2 Be4 31. Rxb7 Bxd5 32. Rb5 Be4 33. Ra4 Qf6 34. Ne1 Qg6
35. g4 Nc6 36. Nf5 h5 37. Ng3 h4 38. Nxe4 Rxe4 39. Bd3 Nd4 40. Bxe4 Qxe4 41.
Rxd4 1-0

[Event "ch-ISR 2013"]
[Site "Acre ISR"]
[Date "2013.04.13"]
[Round "8.11"]
[White "Berkovich, Mark A"]
[Black "Judkovsky, Yair"]
[Result "1/2-1/2"]
[WhiteTitle "IM"]
[WhiteElo "2364"]
[BlackElo "2355"]
[WhiteFideId "2801639"]
[BlackFideId "2804930"]
[EventDate "2013.04.06"]

1. d4 Nf6 2. Nf3 g6 3. g3 Bg7 4. Bg2 O-O 5. O-O d6 6. b3 Nbd7 7. Bb2 e5 8. dxe5
Ng4 9. Qd2 dxe5 10. h3 Nh6 11. e4 f6 12. a4 Nf7 13. Na3 c6 14. Nc4 Qc7 15. h4
Rd8 16. h5 Nf8 17. Qe2 Be6 18. Ne3 Rd7 19. Rad1 Rad8 20. Rxd7 Rxd7 21. Nh4 Qd6
22. Rd1 Qc5 23. Rxd7 Bxd7 24. Qd3 Be6 25. Bf3 Bh6 26. Nhg2 Bg5 27. hxg6 hxg6 28.
Bg4 Bxe3 29. Nxe3 Bxg4 30. Nxg4 Kg7 31. Kg2 Qe7 32. Qe3 Qe6 33. f3 b6 34. Qd3
Qd7 35. Qxd7 Nxd7 36. f4 Kf8 37. Ba3+ Ke8 38. Kf3 a6 39. Ne3 b5 40. axb5 axb5
41. c4 bxc4 42. Nxc4 exf4 43. gxf4 g5 44. Na5 gxf4 45. Kxf4 Nfe5 46. Kf5 Kf7 47.
Nb7 Ke8 48. Ke6 Nf3 49. Bb2 Ng5+ 50. Kf5 Nh7 51. Na5 Nc5 52. Bd4 Nd3 53. Nxc6
Nc1 54. b4 Kd7 55. Na5 Ne2 56. Bf2 Nc3 57. Nb3 Ng5 58. Nc5+ Kc6 59. Be1 Na2 60.
Nd3 Kb5 61. Bd2 Nf3 62. Be3 Nxb4 63. Nxb4 Kxb4 64. Kxf6 Kc4 65. Kf5 Kd3 66. Bf2
Ke2 67. Bc5 Kd3 68. Kf4 Ke2 1/2-1/2

[Event "ch-ISR 2013"]
[Site "Acre ISR"]
[Date "2013.04.13"]
[Round "8.13"]
[White "Arlinsky, Uriel"]
[Black "Shachar, Ehud"]
[Result "0-1"]
[WhiteTitle "FM"]
[BlackTitle "FM"]
[WhiteElo "2318"]
[BlackElo "2357"]
[WhiteFideId "2809575"]
[BlackFideId "2802198"]
[EventDate "2013.04.06"]

1. e4 e6 2. d3 d5 3. Nd2 Nf6 4. g3 Nc6 5. Bg2 dxe4 6. dxe4 e5 7. Ngf3 Bc5 8. O-O
O-O 9. Qe2 a5 10. Nb3 Bd6 11. c3 a4 12. Nbd2 b6 13. Rd1 Ba6 14. Qe1 Bd3 15. Nf1
Bc2 16. Bg5 Bxd1 17. Rxd1 h6 18. Bc1 Qe8 19. Nh4 Bc5 20. Qe2 Qe6 21. Nf5 Rad8
22. Re1 Kh7 23. Qf3 Ng8 24. a3 Na5 25. Bh3 Qf6 26. g4 g5 27. N1g3 Nb3 28. Nh5
Qe6 29. Be3 Nd2 30. Qe2 Bxe3 31. Nxe3 Nf6 32. Bg2 Nxh5 33. gxh5 c6 34. Rd1 Nb3
35. Qf3 Rxd1+ 36. Qxd1 Qf6 37. Nf5 Rd8 38. Qf1 b5 39. h3 Rd2 40. Qe1 Qd8 41. Qe3
Rd1+ 42. Kh2 Qd2 43. Kg3 Rb1 44. h4 Qxe3+ 45. fxe3 gxh4+ 46. Kxh4 Rxb2 47. Bh3
c5 48. Nd6 b4 49. cxb4 cxb4 50. Nb5 bxa3 51. Nxa3 Nc5 0-1

[Event "ch-ISR 2013"]
[Site "Acre ISR"]
[Date "2013.04.13"]
[Round "8.14"]
[White "Gruenfeld, Yehuda"]
[Black "Katzir, Moshe"]
[Result "0-1"]
[WhiteTitle "GM"]
[WhiteElo "2434"]
[BlackElo "2201"]
[WhiteFideId "2800020"]
[BlackFideId "2802260"]
[EventDate "2013.04.06"]

1. e4 c5 2. Nf3 e6 3. d4 cxd4 4. Nxd4 a6 5. Bd3 Qc7 6. O-O Nf6 7. c4 g6 8. Qe2
d6 9. Nc3 Bg7 10. Rd1 O-O 11. Nf3 Nc6 12. Bf4 Nd7 13. Qe3 Nce5 14. Rac1 b6 15.
Be2 Nxf3+ 16. Qxf3 Ne5 17. Qg3 Bb7 18. b3 Rab8 19. h4 f5 20. exf5 gxf5 21. Qe3
Kh8 22. f3 Rfe8 23. Na4 Bc6 24. c5 bxc5 25. Nxc5 Qe7 26. Nxa6 Rbc8 27. Bg5 Qf8
28. Qb6 Nd7 29. Qb4 h6 30. Be3 Be5 31. Bd4 Qf7 32. Kf1 Rg8 33. Bxe5+ Nxe5 34. g4
fxg4 35. f4 Qf6 36. Qd4 Qxh4 37. Rxc6 Rxc6 38. Nb4 g3 39. Bf3 Rf8 40. Nd3 Rc2
41. Nxe5 g2+ 0-1

[Event "ch-ISR 2013"]
[Site "Acre ISR"]
[Date "2013.04.13"]
[Round "8.15"]
[White "Birnboim, Nathan"]
[Black "Shvayger, Yuliya"]
[Result "1/2-1/2"]
[WhiteTitle "IM"]
[BlackTitle "WFM"]
[WhiteElo "2370"]
[BlackElo "2273"]
[WhiteFideId "2800209"]
[BlackFideId "14100126"]
[EventDate "2013.04.06"]

1. Nf3 Nf6 2. e3 g6 3. b4 Bg7 4. Bb2 O-O 5. Be2 a5 6. b5 a4 7. O-O d5 8. Na3 c6
9. Rb1 Nbd7 10. c4 cxb5 11. cxb5 Nb6 12. Be5 Ne4 13. Bxg7 Kxg7 14. Qc2 Qd6 15.
Qb2+ f6 16. d3 Nc5 17. Qb4 Bf5 18. Rfd1 Rfc8 19. h3 Rc7 20. Rbc1 Rac8 21. g4 Bd7
22. Qb2 h5 23. Nh2 hxg4 24. hxg4 Rh8 25. Nf1 Rh4 26. Qb4 Rc8 27. Ng3 Ne4 28.
Qxd6 Nxd6 29. Rxc8 Nbxc8 30. Rb1 Nb6 31. f3 Rh8 32. Rc1 Rc8 33. Rxc8 Nbxc8 34.
d4 Nb6 35. Kf2 e5 36. Ke1 exd4 37. exd4 Nbc8 38. Kd2 Na7 39. Kc3 Naxb5+ 40. Nxb5
Nxb5+ 41. Bxb5 Bxb5 42. Kb4 Bc4 43. Kxa4 Bxa2 44. Kb5 Bb3 45. f4 Kh6 46. Kc5 Bc4
47. Kb6 Ba6 48. Nh1 Be2 49. Nf2 f5 50. gxf5 gxf5 51. Kxb7 Kh5 52. Kc6 Bf3 53.
Kd6 Kh4 54. Ke5 Kg3 55. Nd3 Be4 56. Nb4 Kf3 57. Nc6 Ke2 58. Ne7 Ke3 1/2-1/2

[Event "ch-ISR 2013"]
[Site "Acre ISR"]
[Date "2013.04.13"]
[Round "8.16"]
[White "Svoisky, Daniel"]
[Black "Zalkind, Konstantin"]
[Result "0-1"]
[BlackTitle "FM"]
[WhiteElo "2227"]
[BlackElo "2254"]
[WhiteFideId "2801787"]
[BlackFideId "2803461"]
[EventDate "2013.04.06"]

1. e4 c5 2. Nf3 e6 3. c4 Nf6 4. Nc3 Nc6 5. Be2 d5 6. exd5 exd5 7. d4 Be6 8. Bg5
Be7 9. O-O O-O 10. dxc5 dxc4 11. Qa4 Qa5 12. Rac1 Qxc5 13. Nb5 a6 14. Nc7 b5 15.
Nxe6 fxe6 16. Qc2 Nb4 17. Qb1 Nbd5 18. b3 c3 19. Bd3 h6 20. Bh4 Nf4 21. Rfe1
Rad8 22. Bc2 Rd5 23. b4 Qxb4 24. Bb3 Rdd8 25. Ne5 Rd2 26. Bg3 N6d5 27. Ng6 Ne2+
28. Rxe2 Rxe2 29. Qd3 Rd2 30. Nxe7+ Qxe7 31. Qe4 Qf6 32. h3 Qf5 33. Qh4 c2 34.
Kh2 Kh8 35. a4 Rc8 36. Bd6 Qxf2 37. Qg4 Ne3 0-1